Moskva-Leningrad-Vilnius-Varšava (16.8.-6.9.1968)

Bibliographic Details
Main Author: Mešša, Eugen, 1932-2017 (Author)
Format: Article
Language:Slovak

MARC

LEADER 00000nab a2200000uu 4500
001 vtls011434647
003 SK-MaSNL
005 20260304235007.0
008 230218|1969 xo |||||||||||||||||slo|
015 |a SNBRB 
035 |a (urnnbn)urn:nbn:sk:snk:ar-001to2 
035 |a (uuid)041693b4-3db3-4f2f-b02d-d298094f6b3d 
035 |a urn:nbn:sk:snk-abcafy 
040 |a SNKBUCL  |b slo  |c SNKBUCL  |e AACR2 
041 0 |a slo 
044 |a xo  |c SK 
100 1 |a Mešša, Eugen,  |d 1932-2017  |4 aut  |9 186200 
245 1 0 |a Moskva-Leningrad-Vilnius-Varšava (16.8.-6.9.1968)  |c Eugen Mešša 
773 0 |t Čitateľ : mesačník pre prácu s čitateľmi  |g Roč. 18, č. 7-8 (1969), s. 274 
954 |a odborná, vedecká literatúra pôvodná (slovenská)  |2 lita 
958 |a OND 
958 |a EUIPO 
958 |a article16 
999 |c 3206739  |d 3208669